[Event "40th IND-chT Open 2020"]
[Site "Ahmedabad"]
[Date "2020.02.08"]
[Round "3.9"]
[White "Prasenjit Dutta"]
[Black "Raja Harshit"]
[Result "0-1"]
[WhiteElo "2285"]
[BlackElo "2472"]
[Annotator "ChessBase"]
[PlyCount "114"]
[EventDate "2020.02.05"]
[EventCountry "IND"]
[SourceTitle "playchess.com"]
[Source "ChessBase"]
[SourceQuality "1"]
[TimeControl "5400+30"]

1. e4 {[%emt 0:00:00]} c5 {[%emt 0:00:00]} 2. Nf3 {[%emt 0:00:30]} d6 {[%emt 0:00:30]} 3. d4 {[%emt 0:00:30]} cxd4 {[%emt 0:00:30]} 4. Nxd4 {[%emt 0:00:30]} Nf6 {[%emt 0:00:30]} 5. Nc3 {[%emt 0:00:30]} a6 {[%emt 0:00:30]} 6. f4 {[%emt 0:00:30]} e5 {[%emt 0:00:30]} 7. Nf3 {[%emt 0:00:30]} Nbd7 {[%emt 0:00:30]} 8. Bd3 {[%emt 0:00:30]} Be7 {[%emt 0:00:30]} 9. O-O {[%emt 0:00:30]} O-O {[%emt 0:00:30]} 10. Kh1 {[%emt 0:00:30]} b5 {[%emt 0:00:30]} 11. a3 {[%emt 0:00:30]} Re8 {[%emt 0:00:30]} 12. fxe5 {[%emt 0:00:30]} dxe5 {[%emt 0:00:30]} 13. Bg5 {[%emt 0:00:30]} h6 {[%emt 0:00:30]} 14. Bxf6 {[%emt 0:00:30]} Nxf6 {[%emt 0:00:30]} 15. Nxe5 {[%emt 0:00:30]} Qc7 {[%emt 0:00:30]} 16. Nf3 {[%emt 0:00:30]} Bb7 {[%emt 0:00:30]} 17. Nd4 {[%emt 0:00:30]} Qe5 {[%emt 0:00:30]} 18. Nf5 {[%emt 0:00:30]} Bd8 {[%emt 0:00:30]} 19. Nd5 {[%emt 0:00:30]} Nxd5 {[%emt 0:00:30]} 20. exd5 {[%emt 0:00:30]} Bxd5 {[%emt 0:00:30]} 21. Re1 {[%emt 0:00:30]} Qxe1+ {[%emt 0:00:30]} 22. Qxe1 {[%emt 0:00:30]} Rxe1+ {[%emt 0:00:30]} 23. Rxe1 {[%emt 0:00:30]} Kf8 {[%emt 0:00:30]} 24. Ne3 {[%emt 0:00:30]} Bc6 {[%emt 0:00:30]} 25. Ng4 {[%emt 0:00:30]} Bc7 {[%emt 0:00:30]} 26. Re2 {[%emt 0:00:30]} f6 {[%emt 0:00:30]} 27. Kg1 {[%emt 0:00:30]} Rd8 {[%emt 0:00:30]} 28. h3 {[%emt 0:00:30]} h5 {[%emt 0:00:30]} 29. Nf2 {[%emt 0:00:30]} Be5 {[%emt 0:00:30]} 30. Nd1 {[%emt 0:00:30]} Bd5 {[%emt 0:00:30]} 31. Kf2 {[%emt 0:00:30]} h4 {[%emt 0:00:30]} 32. Ke1 {[%emt 0:00:30]} Rd7 {[%emt 0:00:30]} 33. Kf1 {[%emt 0:00:30]} Rd8 {[%emt 0:00:30]} 34. Ke1 {[%emt 0:00:30]} g5 {[%emt 0:00:30]} 35. Kd2 {[%emt 0:00:30]} Kf7 {[%emt 0:00:30]} 36. Ke1 {[%emt 0:00:30]} Be6 {[%emt 0:00:30]} 37. Nc3 {[%emt 0:00:30]} Bg3+ {[%emt 0:00:30]} 38. Kf1 {[%emt 0:00:30]} f5 {[%emt 0:00:30]} 39. a4 {[%emt 0:00:30]} b4 {[%emt 0:00:30]} 40. Nd1 {[%emt 0:00:30]} b3 {[%emt 0:00:30]} 41. Ne3 {[%emt 0:00:30]} Rd4 {[%emt 0:00:30]} 42. Kg1 {[%emt 0:00:30]} Rxa4 {[%emt 0:00:30]} 43. cxb3 {[%emt 0:00:30]} Ra1+ {[%emt 0:00:30]} 44. Nf1 {[%emt 0:00:30]} Bxb3 {[%emt 0:00:30]} 45. Rd2 {[%emt 0:00:30]} Kf6 {[%emt 0:00:30]} 46. Be2 {[%emt 0:00:30]} a5 {[%emt 0:00:30]} 47. Bb5 {[%emt 0:00:30]} a4 {[%emt 0:00:30]} 48. Rd8 {[%emt 0:00:30]} Rb1 {[%emt 0:00:30]} 49. Rf8+ {[%emt 0:00:30]} Kg7 {[%emt 0:00:30]} 50. Re8 {[%emt 0:00:30]} Kf7 {[%emt 0:00:30]} 51. Re2 {[%emt 0:00:30]} Kf6 {[%emt 0:00:30]} 52. Bd3 {[%emt 0:00:30]} Rd1 {[%emt 0:00:30]} 53. Bb5 {[%emt 0:00:30]} Be5 {[%emt 0:00:30]} 54. Rd2 {[%emt 0:00:30]} Rb1 {[%emt 0:00:30]} 55. Kf2 {[%emt 0:00:30]} Bxb2 {[%emt 0:00:30]} 56. Ne3 {[%emt 0:00:30]} a3 {[%emt 0:00:30]} 57. Rd3 {[%emt 0:00:30]} Be5 {[%emt 0:00:30]} 0-1

[Event "40th IND-chT Open 2020"]
[Site "Ahmedabad"]
[Date "2020.02.08"]
[Round "3.10"]
[White "Puranik, Abhimanyu"]
[Black "Santu, Mondal"]
[Result "1-0"]
[WhiteElo "2597"]
[BlackElo "2093"]
[Annotator "TA"]
[PlyCount "73"]
[EventDate "2020.02.05"]
[EventCountry "IND"]
[SourceTitle "playchess.com"]
[Source "ChessBase"]
[SourceQuality "1"]

{[%evp 23,73,39,39,27,37,27,49,23,77,77,70,47,43,23,12,0,11,0,0,0,24,25,22,0,6,0,40,20,82,90,71,-29,-8,-50,-25,-50,-7,-15,0,0,0,0,0,0,202,187,194,13,81,68,936,892]} 1. e4 e6 2. d4 d5 3. Nd2 Nf6 4. e5 Nfd7 5. Bd3 c5 6. c3 Nc6 7. Ne2 cxd4 8. cxd4 f6 9. exf6 Nxf6 10. Nf3 Bd6 11. O-O Qc7 12. h3 O-O 13. Be3 {C06: French Tarrasch: 3...Nf6 4 e5 Nfd7 5 Bd3 main lines.} Bd7 14. Re1 Rae8 15. a3 $5 {[%mdl 4] [#] White is slightly better. An interesting side line.} Ne7 $146 (15... Na5 $11) ({Predecessor:} 15... e5 16. dxe5 Nxe5 17. Nxe5 Bxe5 18. Rc1 Qb8 19. Qd2 Kh8 20. Bb1 Be6 21. Nd4 Ne4 22. Bxe4 dxe4 23. Nxe6 Rxe6 {½-½ (87) Zervos,L (2058)-Spirakopoulos,I (2070) Achaea 2016}) 16. Rc1 $16 Qb6 17. Qd2 Bb5 18. Bb1 Nf5 19. Ne5 Bxe5 20. Bxf5 Bb8 21. Bb1 Ne4 22. Bxe4 dxe4 23. Rc5 Bd3 24. Nf4 Qd6 {[%cal Rf8f4]} 25. g3 b6 (25... Ba6 $1 $11) 26. Rg5 $1 Ba6 {[#]} 27. Qc2 (27. Nh5 $1 $16 {[%cal Rh5g7]} g6 28. Bf4) 27... Bb7 $11 28. Qb3 Qe7 29. h4 Bxf4 30. Bxf4 Bd5 31. Qe3 Rc8 32. f3 $36 {[%mdl 2048] White is more active.} h6 33. Re5 $1 {[%cal Bg5e5,Be5e6,Be6e8][%mdl 32]} Rc7 $2 (33... Rxf4 $11 34. gxf4 Rc2 35. fxe4 Qxh4) 34. fxe4 $18 Bb7 {[#]} 35. Qb3 $2 (35. d5 $1 $18 Qc5 36. Qxc5 (36. dxe6 Qxe3+ 37. Rxe3 Bc8 $16) 36... Rxc5 37. Rxe6) 35... Re8 (35... Qd8 $11 {keeps the balance.}) 36. Rxe6 Qf7 $2 {[%mdl 8192]} (36... Qxe6 $14 37. Qxe6+ Rxe6 38. Bxc7 Rxe4 39. Rxe4 Bxe4) 37. Rxe8+ {Accuracy: White = 73%, Black = 59%.} 1-0

[Event "40th IND-chT Open 2020"]
[Site "Ahmedabad"]
[Date "2020.02.08"]
[Round "3.11"]
[White "Aradhya, Garg"]
[Black "Visakh N R"]
[Result "1/2-1/2"]
[WhiteElo "2169"]
[BlackElo "2518"]
[Annotator "ChessBase"]
[PlyCount "100"]
[EventDate "2020.02.05"]
[EventCountry "IND"]
[SourceTitle "playchess.com"]
[Source "ChessBase"]
[SourceQuality "1"]
[TimeControl "5400+30"]

1. d4 {[%emt 0:00:00]} Nf6 {[%emt 0:00:00]} 2. Nf3 {[%emt 0:00:30]} e6 {[%emt 0:00:30]} 3. c4 {[%emt 0:00:30]} d5 {[%emt 0:00:30]} 4. Nc3 {[%emt 0:00:30]} a6 {[%emt 0:00:30]} 5. cxd5 {[%emt 0:00:30]} exd5 {[%emt 0:00:30]} 6. Bg5 {[%emt 0:00:30]} Be6 {[%emt 0:00:30]} 7. Qb3 {[%emt 0:00:30]} Nbd7 {[%emt 0:00:30]} 8. Bxf6 {[%emt 0:00:30]} Nxf6 {[%emt 0:00:30]} 9. Qxb7 {[%emt 0:00:30]} Rb8 {[%emt 0:00:30]} 10. Qxa6 {[%emt 0:00:30]} Rxb2 {[%emt 0:00:30]} 11. a3 {[%emt 0:00:30]} Bd6 {[%emt 0:00:30]} 12. g3 {[%emt 0:00:30]} Qb8 {[%emt 0:00:30]} 13. Bg2 {[%emt 0:00:30]} Rb3 {[%emt 0:00:30]} 14. Qa5 {[%emt 0:00:30]} c6 {[%emt 0:00:30]} 15. Nd2 {[%emt 0:00:30]} Rb2 {[%emt 0:00:30]} 16. Na4 {[%emt 0:00:30]} Rb5 {[%emt 0:00:30]} 17. Qc3 {[%emt 0:00:30]} Qa8 {[%emt 0:00:30]} 18. Nc5 {[%emt 0:00:30]} Bxc5 {[%emt 0:00:30]} 19. dxc5 {[%emt 0:00:30]} O-O {[%emt 0:00:30]} 20. O-O {[%emt 0:00:30]} Nd7 {[%emt 0:00:30]} 21. Nb3 {[%emt 0:00:30]} Rfb8 {[%emt 0:00:30]} 22. Nd4 {[%emt 0:00:30]} Rxc5 {[%emt 0:00:30]} 23. Qe3 {[%emt 0:00:30]} Re8 {[%emt 0:00:30]} 24. Nxe6 {[%emt 0:00:30]} Rxe6 {[%emt 0:00:30]} 25. Qd2 {[%emt 0:00:30]} Nf6 {[%emt 0:00:30]} 26. a4 {[%emt 0:00:30]} Ra5 {[%emt 0:00:30]} 27. Qc2 {[%emt 0:00:30]} Ne4 {[%emt 0:00:30]} 28. Rab1 {[%emt 0:00:30]} Rc5 {[%emt 0:00:30]} 29. Qd3 {[%emt 0:00:30]} g6 {[%emt 0:00:30]} 30. Rb4 {[%emt 0:00:30]} Nc3 {[%emt 0:00:30]} 31. e3 {[%emt 0:00:30]} Re8 {[%emt 0:00:30]} 32. Ra1 {[%emt 0:00:30]} Qa5 {[%emt 0:00:30]} 33. Rf4 {[%emt 0:00:30]} Qb6 {[%emt 0:00:30]} 34. Bf3 {[%emt 0:00:30]} Qb2 {[%emt 0:00:30]} 35. Re1 {[%emt 0:00:30]} Ra8 {[%emt 0:00:30]} 36. e4 {[%emt 0:00:30]} dxe4 {[%emt 0:00:30]} 37. Bxe4 {[%emt 0:00:30]} Re5 {[%emt 0:00:30]} 38. Re3 {[%emt 0:00:30]} Nxe4 {[%emt 0:00:30]} 39. Rfxe4 {[%emt 0:00:30]} Rxe4 {[%emt 0:00:30]} 40. Rxe4 {[%emt 0:00:30]} c5 {[%emt 0:00:30]} 41. Qd5 {[%emt 0:00:30]} Rc8 {[%emt 0:00:30]} 42. Rf4 {[%emt 0:00:30]} Qg7 {[%emt 0:00:30]} 43. Kg2 {[%emt 0:00:30]} Qf8 {[%emt 0:00:30]} 44. a5 {[%emt 0:00:30]} c4 {[%emt 0:00:30]} 45. Qb7 {[%emt 0:00:30]} Rb8 {[%emt 0:00:30]} 46. Qc7 {[%emt 0:00:30]} Rc8 {[%emt 0:00:30]} 47. Qa7 {[%emt 0:00:30]} Ra8 {[%emt 0:00:30]} 48. Qb7 {[%emt 0:00:30]} Rb8 {[%emt 0:00:30]} 49. Qa6 {[%emt 0:00:30]} Ra8 {[%emt 0:00:30]} 50. Qb7 {[%emt 0:00:30]} Rb8 {[%emt 0:00:30]} 1/2-1/2

[Event "40th IND-chT Open 2020"]
[Site "Ahmedabad"]
[Date "2020.02.08"]
[Round "3.12"]
[White "Harshavardhan G B"]
[Black "Adarsh Tripathi"]
[Result "1-0"]
[WhiteElo "2377"]
[BlackElo "2100"]
[Annotator "ChessBase"]
[PlyCount "115"]
[EventDate "2020.02.05"]
[EventCountry "IND"]
[SourceTitle "playchess.com"]
[Source "ChessBase"]
[SourceQuality "1"]
[TimeControl "5400+30"]

1. d4 Nf6 2. c4 c5 3. d5 b5 4. Nd2 g6 5. e4 d6 6. cxb5 a6 7. a4 Bg7 8. Ngf3 O-O 9. Ra3 Bg4 10. Be2 axb5 11. axb5 Rxa3 12. bxa3 Qa5 13. O-O Bxf3 14. gxf3 Nh5 15. Nc4 Qxb5 16. Nxd6 Qd7 17. Nc4 e5 18. dxe6 Qxe6 19. Qd5 Nc6 20. f4 Nd4 21. Bxh5 gxh5 22. Qxe6 fxe6 23. Be3 Ne2+ 24. Kg2 Nxf4+ 25. Bxf4 Rxf4 26. f3 Rf8 27. Rb1 Ra8 28. Kf2 Ra4 29. Rc1 Bd4+ 30. Ke2 Ra7 31. Kd3 Rf7 32. Rf1 Rg7 33. a4 Rb7 34. Rc1 Rb3+ 35. Ke2 Rb4 36. a5 Ra4 37. Kd3 Ra2 38. Rb1 h4 39. h3 Kg7 40. Rb3 Rf2 41. Rb7+ Kf6 42. Nd2 e5 43. Rc7 Ke6 44. a6 Rg2 45. Nc4 Rf2 46. a7 Ra2 47. Rb7 h6 48. Nb6 c4+ 49. Kxc4 Bxb6 50. Rxb6+ Kf7 51. Rb7+ Ke6 52. Kc5 Kf6 53. Kb6 Kg5 54. Rf7 Rb2+ 55. Kc6 Rc2+ 56. Kb7 Rb2+ 57. Kc8 Rc2+ 58. Kb8 1-0

[Event "40th IND-chT Open 2020"]
[Site "Ahmedabad"]
[Date "2020.02.08"]
[Round "3.12"]
[White "Harshavardhan G B"]
[Black "Adarsh Tripathi"]
[Result "*"]
[WhiteElo "2377"]
[BlackElo "2100"]
[Annotator "TA"]
[PlyCount "54"]
[EventDate "2020.02.05"]
[EventCountry "IND"]
[SourceTitle "playchess.com"]
[Source "ChessBase"]
[SourceQuality "1"]

{[%evp 9,54,-67,-43,-30,314,0,215,-29,125,-99,283,-43,-25,-35,-29,-29,101,-13,0,-14,357,72,1371,42,31,31,35,0,182,81,81,60,79,-352,-49,-47,56,46,37,33,33,8,16,8,8,0,8]} 1. d4 Nf6 2. c4 c6 3. d5 b5 {[#]} 4. Nd2 $146 ({Predecessor:} 4. cxb5 a6 5. bxa6 Bxa6 6. Nc3 d6 7. Nf3 g6 8. e4 Bxf1 9. Kxf1 Bg7 10. g3 O-O {0-1 (18) Milovanovic,S (2203)-Pap,M (2512) Pozarevac 2012}) 4... g6 5. e4 d6 6. cxb5 {A50: Queen's Fianchetto Defence (1 d4 Nf6 2 c4 b6)} a6 $2 {[%mdl 8192] [#]} (6... cxd5 $11 {and Black has nothing to worry.} 7. exd5 Bb7) 7. a4 $2 (7. dxc6 axb5 8. Bxb5 Qc7 $16) ({White has to play} 7. bxc6 $18 Bg7 8. Ne2) 7... Bg7 $2 (7... cxd5 $11 {and Black is okay.} 8. exd5 Bg7) 8. Ngf3 $2 (8. bxc6 $18 e6 9. Bc4) 8... O-O $2 (8... cxd5 $11 9. exd5 Bb7) 9. Ra3 $2 (9. dxc6 $16 {Black must now prevent Ra3.} axb5 10. Qc2 (10. Bxb5 Qc7 $16)) 9... Bg4 $2 {[%mdl 8192]} (9... axb5 $17 {stays on course.} 10. dxc6 (10. axb5 Rxa3 11. bxa3 cxd5 $17) 10... b4) 10. Be2 $2 ({Better is} 10. bxc6 $18 {Strongly threatening h3.} a5 11. Bb5) 10... axb5 11. axb5 Rxa3 12. bxa3 Qa5 (12... cxd5 $11 13. exd5 Nxd5) 13. O-O (13. dxc6 $16 {And now 0-0 would win.} Nxe4 14. Qb3) 13... Bxf3 14. gxf3 Nh5 $2 {[%mdl 8192]} (14... cxd5 $11 {and Black stays safe.} 15. Qb3 Nbd7) 15. Nc4 $2 (15. bxc6 $18 Nf4 16. Nc4 Nxe2+ 17. Qxe2) 15... cxd5 $2 {[%mdl 8192]} (15... Qxb5 $16 16. a4 Qb7) 16. exd5 $2 (16. Nxa5 $18 d4 17. a4) 16... Qxb5 $14 17. Nxd6 Qd7 18. Ne4 e5 $2 (18... Be5 $1 $11) 19. dxe6 (19. a4 $18 {is more deadly.}) 19... Qxe6 $16 20. Qd6 Nc6 21. f4 $2 {[%mdl 8192]} (21. Rd1 $16 {keeps the pressure on.}) 21... Nd4 $2 (21... Qxe4 $19 22. Qd3 Qe7 23. Bxh5 gxh5) 22. Bxh5 $1 $15 {[#] aiming for Qxe6.} gxh5 (22... Qxe4 $15 23. Bd1 h5) 23. Qxe6 $14 fxe6 24. Be3 Ne2+ 25. Kg2 Nxf4+ {The position is equal.} 26. Bxf4 Rxf4 27. f3 Rf8 {Accuracy: White = 21%, Black = 25%.} *

[Event "40th IND-chT Open 2020"]
[Site "Ahmedabad"]
[Date "2020.02.08"]
[Round "3.13"]
[White "Erigaisi Arjun"]
[Black "Sidhant, Mohapatra"]
[Result "1/2-1/2"]
[WhiteElo "2563"]
[BlackElo "2367"]
[Annotator "ChessBase"]
[PlyCount "67"]
[EventDate "2020.02.05"]
[EventCountry "IND"]
[SourceTitle "playchess.com"]
[Source "ChessBase"]
[SourceQuality "1"]
[TimeControl "5400+30"]

1. d4 {[%emt 1:30:30]} d5 {[%emt 1:30:30]} 2. c4 {[%emt 0:00:30]} c6 {[%emt 0:00:30]} 3. cxd5 {[%emt 0:00:30]} cxd5 {[%emt 0:00:30]} 4. Bg5 {[%emt 0:00:30]} Nc6 {[%emt 0:00:30]} 5. Nc3 {[%emt 0:00:30]} Nf6 {[%emt 0:00:30]} 6. Bxf6 {[%emt 0:00:30]} gxf6 {[%emt 0:00:30]} 7. e3 {[%emt 0:00:30]} e6 {[%emt 0:00:30]} 8. Bd3 {[%emt 0:00:30]} f5 {[%emt 0:00:30]} 9. Nge2 {[%emt 0:00:30]} Bd6 {[%emt 0:00:30]} 10. Rc1 {[%emt 0:00:30]} a6 {[%emt 0:00:30]} 11. O-O {[%emt 0:00:30]} O-O {[%emt 0:00:30]} 12. a3 {[%emt 0:00:30]} Kh8 {[%emt 0:00:30]} 13. Na4 {[%emt 0:00:30]} Ne7 {[%emt 0:00:30]} 14. g3 {[%emt 0:00:30]} b6 {[%emt 0:00:30]} 15. f3 {[%emt 0:00:30]} Bd7 {[%emt 0:00:30]} 16. Nac3 {[%emt 0:00:30]} Bb8 {[%emt 0:00:30]} 17. e4 {[%emt 0:00:30]} f4 {[%emt 0:00:30]} 18. gxf4 {[%emt 0:00:30]} Ng6 {[%emt 0:00:30]} 19. e5 {[%emt 0:00:30]} f5 {[%emt 0:00:30]} 20. Kh1 {[%emt 0:00:30]} b5 {[%emt 0:00:30]} 21. Qe1 {[%emt 0:00:30]} Rg8 {[%emt 0:00:30]} 22. Nb1 {[%emt 0:00:30]} Qf8 {[%emt 0:00:30]} 23. Rg1 {[%emt 0:00:30]} Ba7 {[%emt 0:00:30]} 24. Qg3 {[%emt 0:00:30]} Bb6 {[%emt 0:00:30]} 25. Nd2 {[%emt 0:00:30]} b4 {[%emt 0:00:30]} 26. Nb1 {[%emt 0:00:30]} a5 {[%emt 0:00:30]} 27. Qh3 {[%emt 0:00:30]} Rc8 {[%emt 0:00:30]} 28. Rxc8 {[%emt 0:00:30]} Qxc8 {[%emt 0:00:30]} 29. Qh6 {[%emt 0:00:30]} Qe8 {[%emt 0:00:30]} 30. axb4 {[%emt 0:00:30]} axb4 {[%emt 0:00:30]} 31. Nd2 {[%emt 0:00:30]} Bb5 {[%emt 0:00:30]} 32. Bxb5 {[%emt 0:00:30]} Qxb5 {[%emt 0:00:30]} 33. Rg2 {[%emt 0:00:30]} Qd3 {[%emt 0:00:30]} 34. Rxg6 {[%emt 0:00:30]} 1/2-1/2

[Event "40th IND-chT Open 2020"]
[Site "Ahmedabad"]
[Date "2020.02.08"]
[Round "3.14"]
[White "Sahoo, Utkal Ranjan"]
[Black "Harsha Bharathakoti"]
[Result "0-1"]
[WhiteElo "2336"]
[BlackElo "2495"]
[Annotator "ChessBase"]
[PlyCount "94"]
[EventDate "2020.02.05"]
[EventCountry "IND"]
[SourceTitle "playchess.com"]
[Source "ChessBase"]
[SourceQuality "1"]
[TimeControl "5400+30"]

1. d4 {[%emt 1:30:30]} d6 {[%emt 1:30:30]} 2. c4 {[%emt 0:00:30]} e5 {[%emt 0:00:30]} 3. dxe5 {[%emt 0:00:30]} dxe5 {[%emt 0:00:30]} 4. Qxd8+ {[%emt 0:00:30]} Kxd8 {[%emt 0:00:30]} 5. Nc3 {[%emt 0:00:30]} Be6 {[%emt 0:00:30]} 6. b3 {[%emt 0:00:30]} Nd7 {[%emt 0:00:30]} 7. Bb2 {[%emt 0:00:30]} c6 {[%emt 0:00:30]} 8. e3 {[%emt 0:00:30]} Nh6 {[%emt 0:00:30]} 9. Nf3 {[%emt 0:00:30]} f6 {[%emt 0:00:30]} 10. Bd3 {[%emt 0:00:30]} Kc7 {[%emt 0:00:30]} 11. h3 {[%emt 0:00:30]} Nf7 {[%emt 0:00:30]} 12. Ke2 {[%emt 0:00:30]} Nc5 {[%emt 0:00:30]} 13. Bc2 {[%emt 0:00:30]} a5 {[%emt 0:00:30]} 14. Nd2 {[%emt 0:00:30]} a4 {[%emt 0:00:30]} 15. b4 {[%emt 0:00:30]} a3 {[%emt 0:00:30]} 16. Bc1 {[%emt 0:00:30]} Na6 {[%emt 0:00:30]} 17. b5 {[%emt 0:00:30]} Bb4 {[%emt 0:00:30]} 18. bxa6 {[%emt 0:00:30]} Bxc3 {[%emt 0:00:30]} 19. axb7 {[%emt 0:00:30]} Ra7 {[%emt 0:00:30]} 20. Rb1 {[%emt 0:00:30]} Bxd2 {[%emt 0:00:30]} 21. Kxd2 {[%emt 0:00:30]} Bxc4 {[%emt 0:00:30]} 22. Bb3 {[%emt 0:00:30]} Nd6 {[%emt 0:00:30]} 23. Bxc4 {[%emt 0:00:30]} Nxc4+ {[%emt 0:00:30]} 24. Kc2 {[%emt 0:00:30]} Nd6 {[%emt 0:00:30]} 25. Rd1 {[%emt 0:00:30]} Nb5 {[%emt 0:00:30]} 26. Rb4 {[%emt 0:00:30]} Rb8 {[%emt 0:00:30]} 27. Rg4 {[%emt 0:00:30]} g5 {[%emt 0:00:30]} 28. Rd3 {[%emt 0:00:30]} Rbxb7 {[%emt 0:00:30]} 29. h4 {[%emt 0:00:30]} h5 {[%emt 0:00:30]} 30. Rc4 {[%emt 0:00:30]} Nd6 {[%emt 0:00:30]} 31. Rcc3 {[%emt 0:00:30]} Ne4 {[%emt 0:00:30]} 32. Rxa3 {[%emt 0:00:30]} Nxf2 {[%emt 0:00:30]} 33. Rdb3 {[%emt 0:00:30]} gxh4 {[%emt 0:00:30]} 34. Bd2 {[%emt 0:00:30]} h3 {[%emt 0:00:30]} 35. gxh3 {[%emt 0:00:30]} Nxh3 {[%emt 0:00:30]} 36. Rd3 {[%emt 0:00:30]} Nf2 {[%emt 0:00:30]} 37. Ba5+ {[%emt 0:00:30]} Rxa5 {[%emt 0:00:30]} 38. Rxa5 {[%emt 0:00:30]} Nxd3 {[%emt 0:00:30]} 39. Kxd3 {[%emt 0:00:30]} Kd6 {[%emt 0:00:30]} 40. Ra8 {[%emt 0:00:30]} Rh7 {[%emt 0:00:30]} 41. Ke4 {[%emt 0:00:30]} h4 {[%emt 0:00:30]} 42. Rd8+ {[%emt 0:00:30]} Kc5 {[%emt 0:00:30]} 43. Kf5 {[%emt 0:00:30]} h3 {[%emt 0:00:30]} 44. Rd1 {[%emt 0:00:30]} h2 {[%emt 0:00:30]} 45. Rh1 {[%emt 0:00:30]} Rh6 {[%emt 0:00:30]} 46. Ke4 {[%emt 0:00:30]} Kb4 {[%emt 0:00:30]} 47. Kd3 {[%emt 0:00:30]} f5 {[%emt 0:00:30] Kd4} 0-1

[Event "40th IND-chT Open 2020"]
[Site "Ahmedabad"]
[Date "2020.02.08"]
[Round "3.15"]
[White "Matta, Vinay Kumar"]
[Black "Nayak Rajesh"]
[Result "1/2-1/2"]
[WhiteElo "2319"]
[BlackElo "2169"]
[Annotator "ChessBase"]
[PlyCount "103"]
[EventDate "2020.02.05"]
[EventCountry "IND"]
[SourceTitle "playchess.com"]
[Source "ChessBase"]
[SourceQuality "1"]
[TimeControl "5400+30"]

1. e4 {[%emt 0:01:23]} c5 {[%emt 0:02:14]} 2. Nf3 {[%emt 0:00:08]} Nc6 {[%emt 0:01:44]} 3. d4 {[%emt 0:01:04]} cxd4 {[%emt 0:00:20]} 4. Nxd4 {[%emt 0:00:04]} Nf6 {[%emt 0:00:11]} 5. Nc3 {[%emt 0:00:05]} g6 {[%emt 0:00:26]} 6. Nxc6 {[%emt 0:00:29]} dxc6 {[%emt 0:00:51]} 7. Qxd8+ {[%emt 0:00:11]} Kxd8 {[%emt 0:00:06]} 8. Bf4 {[%emt 0:02:38]} Nd7 {[%emt 0:04:39]} 9. O-O-O {[%emt 0:01:54]} Bg7 {[%emt 0:06:21]} 10. h4 {[%emt 0:01:34]} e5 {[%emt 0:06:39]} 11. Be3 {[%emt 0:01:39]} h5 {[%emt 0:02:30]} 12. g3 {[%emt 0:06:06]} Kc7 {[%emt 0:04:12]} 13. Bc4 {[%emt 0:01:53]} Rf8 {[%emt 0:01:29]} 14. Bb3 {[%emt 0:02:55]} b6 {[%emt 0:00:30]} 15. f3 {[%emt 0:02:06]} Nf6 {[%emt 0:00:55]} 16. Rd2 {[%emt 0:00:55]} Be6 {[%emt 0:02:08]} 17. Bxe6 {[%emt 0:01:59]} fxe6 {[%emt 0:01:36]} 18. Rhd1 {[%emt 0:01:58]} Rf7 {[%emt 0:06:15]} 19. Rd3 {[%emt 0:04:18]} Rd7 {[%emt 0:02:12]} 20. Ne2 {[%emt 0:01:52]} Rxd3 {[%emt 0:03:30]} 21. Rxd3 {[%emt 0:00:56]} Nd7 {[%emt 0:00:09]} 22. Kd2 {[%emt 0:03:34]} Bf8 {[%emt 0:00:19]} 23. Nc1 {[%emt 0:02:08]} Bc5 {[%emt 0:00:51]} 24. Ke2 {[%emt 0:00:21]} Bxe3 {[%emt 0:00:08]} 25. Kxe3 {[%emt 0:00:16]} Rg8 {[%emt 0:02:29]} 26. Rd1 {[%emt 0:06:45]} Rd8 {[%emt 0:02:42]} 27. Rg1 {[%emt 0:03:37]} Nf6 {[%emt 0:03:03]} 28. Nd3 {[%emt 0:00:44]} Kd6 {[%emt 0:00:19]} 29. Rg2 {[%emt 0:01:37]} Nd7 {[%emt 0:00:45]} 30. f4 {[%emt 0:03:26]} Rg8 {[%emt 0:05:40]} 31. Nxe5 {[%emt 0:25:52]} Nxe5 {[%emt 0:00:17]} 32. Rd2+ {[%emt 0:00:21]} Ke7 {[%emt 0:00:11]} 33. fxe5 {[%emt 0:00:07]} g5 {[%emt 0:00:32]} 34. hxg5 {[%emt 0:01:01]} Rxg5 {[%emt 0:00:09]} 35. Kf4 {[%emt 0:00:33]} Rg4+ {[%emt 0:00:20]} 36. Kf3 {[%emt 0:00:04]} Rg5 {[%emt 0:00:07]} 37. Rd6 {[%emt 0:02:05]} c5 {[%emt 0:00:13]} 38. Rd3 {[%emt 0:01:11]} Rg7 {[%emt 0:05:53]} 39. c4 {[%emt 0:01:19]} Ke8 {[%emt 0:01:07]} 40. Rd2 {[%emt 0:01:43]} Rf7+ {[%emt 0:01:36]} 41. Ke3 {[%emt 0:01:54]} Rg7 {[%emt 0:01:08]} 42. Kf4 {[%emt 0:00:11]} Ke7 {[%emt 0:02:53]} 43. Rh2 {[%emt 0:03:29]} Rg4+ {[%emt 0:00:19]} 44. Kf3 {[%emt 0:00:06]} Rg5 {[%emt 0:00:05]} 45. Rd2 {[%emt 0:00:20]} Rg7 {[%emt 0:01:16]} 46. a3 {[%emt 0:00:24]} Rf7+ {[%emt 0:00:16]} 47. Ke2 {[%emt 0:04:15]} h4 {[%emt 0:02:13]} 48. gxh4 {[%emt 0:00:44]} Rf4 {[%emt 0:00:31]} 49. Ke3 {[%emt 0:00:58]} Rxh4 {[%emt 0:00:05]} 50. Rg2 {[%emt 0:00:36]} Kf7 {[%emt 0:01:16]} 51. Rf2+ {[%emt 0:00:14]} Ke7 {[%emt 0:00:06]} 52. Rg2 {[%emt 0:09:58]} 1/2-1/2

[Event "40th IND-chT Open 2020"]
[Site "Ahmedabad"]
[Date "2020.02.08"]
[Round "3.16"]
[White "Baivab Mishra"]
[Black "Rahul Srivatshav P"]
[Result "0-1"]
[WhiteElo "2206"]
[BlackElo "2474"]
[Annotator "TA"]
[PlyCount "75"]
[EventDate "2020.02.05"]
[EventCountry "IND"]
[SourceTitle "playchess.com"]
[Source "ChessBase"]
[SourceQuality "1"]

{[%evp 19,75,45,45,26,51,51,38,32,29,10,12,-16,-5,-14,-13,-19,0,0,-4,-29,-25,-24,-6,-24,-19,-25,-24,-13,-4,-14,0,-31,-10,-160,-139,-145,-147,-133,-93,-198,-200,-285,-257,-495,-478,-703,-707,-723,-713,-1060,-1033,-1080,-1074,-5034,-2410,-12837,-12837,-12837]} 1. Nf3 Nf6 2. c4 g6 3. Nc3 Bg7 4. e4 d6 5. d4 O-O 6. Be2 e5 7. Be3 Ng4 8. Bg5 f6 9. Bh4 g5 10. Bg3 Nh6 11. c5 {E92: King's Indian: Classical: 6 Be2 e5: 7 dxe5, 7 Be3 and Petrosian System without 7...Nbd7.} Nc6 12. cxd6 cxd6 13. dxe5 {White is slightly better.} dxe5 14. Qxd8 (14. Bc4+ {with more complications.} Kh8 15. Qxd8 Rxd8 16. a3 Bg4 17. h4) 14... Rxd8 {[#]} 15. O-O $146 ({Predecessor:} 15. Bc4+ Kf8 16. h3 Nf7 17. O-O Nd6 18. Bb3 h5 19. Rfd1 h4 20. Bh2 Na5 21. Bd5 {0-1 (50) Van Leusden,D (2016)-Elgersma,S (2200) Groningen 2018}) 15... Be6 16. Rfd1 Nf7 17. Nd2 Nd6 18. f3 Nd4 19. Bf1 Rac8 20. Bf2 Kf7 21. g4 {[#]} h5 $1 $36 {[%mdl 2560] Black has good play.} 22. h3 (22. gxh5 Bh6) 22... Bf8 23. Rac1 hxg4 24. hxg4 Rc6 25. Bxd4 exd4 26. Nb5 (26. Nd5 $11) 26... Nxb5 ({Of course not} 26... Bxa2 $6 27. Rxc6 bxc6 28. Nxa7 $11) 27. Bxb5 Rxc1 28. Rxc1 Bd6 (28... Bxa2 $6 29. b3 $11) 29. Kf2 {[#]} (29. Bd3 $17) 29... Bf4 $1 $19 {And now ...a6 would win.} ({But not} 29... Bxa2 30. b3 $17) 30. Ke2 (30. Rd1 {was worth a try.}) 30... Rh8 {Strongly threatening ...Rh2+.} ({Not} 30... Bxa2 31. Ra1 $15) 31. Kd3 $2 (31. Rc2) 31... Rh2 {[%csl Gf4][%cal Rh2d2] Black is clearly winning.} 32. Rc2 (32. Rd1 $142 a6 33. Ba4) 32... a6 33. Ba4 b5 34. Bb3 Rxd2+ 35. Rxd2 Bxd2 36. Kxd2 Bxb3 37. axb3 Ke6 38. Kd3 {Accuracy: White = 40%, Black = 96%.} 0-1